<?xml version="1.0" encoding="UTF-8"?>
<collection xmlns="http://www.loc.gov/MARC21/slim">
 <record>
  <leader>00583pamaa2200169   4500</leader>
  <controlfield tag="001">0000034006</controlfield>
  <controlfield tag="005">20060804090000.0</controlfield>
  <datafield tag="020" ind1="0" ind2="0">
   <subfield code="a">0875805744 </subfield>
  </datafield>
  <datafield tag="082" ind1=" " ind2=" ">
   <subfield code="a">294.5 COL</subfield>
  </datafield>
  <datafield tag="090" ind1="0" ind2="0">
   <subfield code="a">BL1164.3 </subfield>
   <subfield code="b">COL 1997</subfield>
  </datafield>
  <datafield tag="100" ind1="1" ind2="0">
   <subfield code="a">COLLINS </subfield>
  </datafield>
  <datafield tag="245" ind1="1" ind2="0">
   <subfield code="a">Pierced by Murugan's lance : </subfield>
   <subfield code="b">ritual, power and moral redemption among Malaysian Hindus  </subfield>
   <subfield code="c">Elizabeth Fuller Collins.</subfield>
  </datafield>
  <datafield tag="260" ind1="0" ind2="0">
   <subfield code="a">DeKalb,Illionois: </subfield>
   <subfield code="b">Nothern Illinois University Press, </subfield>
   <subfield code="c">1997.</subfield>
  </datafield>
  <datafield tag="300" ind1=" " ind2=" ">
   <subfield code="a">viii, 246p.: </subfield>
   <subfield code="b">ill.; </subfield>
   <subfield code="c">23cm.</subfield>
  </datafield>
  <datafield tag="650" ind1="0" ind2="0">
   <subfield code="a">Hinduism -- </subfield>
   <subfield code="z">Malaysia </subfield>
  </datafield>
  <datafield tag="650" ind1="0" ind2="0">
   <subfield code="a">Tamil(Indic people) -- </subfield>
   <subfield code="y">Religion -- </subfield>
   <subfield code="z">Malaysia </subfield>
  </datafield>
  <datafield tag="650" ind1="0" ind2="0">
   <subfield code="a">Thaipusam </subfield>
  </datafield>
 </record>
</collection>
